000 00334nam a22001217a 4500
020 _a9781474817394
040 _cNUST
082 _a615.85156 FLO
245 _aInspired Colouring Flowers : Colouring To Relax And Free Your Mind
260 _aEngland:
_bParragon Books Ltd,
_c2015.
650 _aArt therapy.
_988404
942 _2ddc
_cBK
999 _c587616
_d587616